<?xml version="1.0" encoding="UTF-8"?>
<collection xmlns="http://www.loc.gov/MARC21/slim">
 <record>
  <leader>01538nam a2200217Ia 4500</leader>
  <controlfield tag="001">CTU_133711</controlfield>
  <controlfield tag="008">210402s9999    xx            000 0 und d</controlfield>
  <datafield tag="020" ind1=" " ind2=" ">
   <subfield code="c">166000</subfield>
  </datafield>
  <datafield tag="082" ind1=" " ind2=" ">
   <subfield code="a">398.20959702</subfield>
  </datafield>
  <datafield tag="082" ind1=" " ind2=" ">
   <subfield code="b">V305u</subfield>
  </datafield>
  <datafield tag="110" ind1=" " ind2=" ">
   <subfield code="a">Viện khoa học xã hội Việt Nam.</subfield>
  </datafield>
  <datafield tag="245" ind1=" " ind2="0">
   <subfield code="a">Udai - Ujàc</subfield>
  </datafield>
  <datafield tag="245" ind1=" " ind2="0">
   <subfield code="c">Viện khoa học xã hội Việt Nam.</subfield>
  </datafield>
  <datafield tag="260" ind1=" " ind2=" ">
   <subfield code="a">Hà Nội</subfield>
  </datafield>
  <datafield tag="260" ind1=" " ind2=" ">
   <subfield code="b">Khoa học - Xã hội</subfield>
  </datafield>
  <datafield tag="260" ind1=" " ind2=" ">
   <subfield code="c">2004</subfield>
  </datafield>
  <datafield tag="520" ind1=" " ind2=" ">
   <subfield code="a">Sách là một công trình nghiên cứu về sử thi Tây Nguyên là một phần trong bộ sách chung &quot;Kho tàng sử thi Tây Nguyên&quot; phản ánh một cách trung thực, sinh động đời sống sinh hoạt cộng đồng các dân tộc Tây Nguyên qua các bộ sử thi Anh hùng và sử thi Thần thánh. Trong mỗi bộ sử thi được trình bày dưới hình thức song ngữ: Tiếng dân tộc và tiếng phổ thông, đối với dân tộc chưa có chữ viết thì dùng vần La tinh tiếng phổ thông để phiên âm. Trong mỗi tập, ngoài phần văn bản song ngữ còn có lời giới thiệu tác phẩm của người biên tập văn học, chú thích, chú giải tác phẩm.</subfield>
  </datafield>
  <datafield tag="650" ind1=" " ind2=" ">
   <subfield code="a">Epic poetry, Monong - Vietnam.,Văn học dân gian</subfield>
  </datafield>
  <datafield tag="650" ind1=" " ind2=" ">
   <subfield code="x">Sử thi</subfield>
  </datafield>
  <datafield tag="904" ind1=" " ind2=" ">
   <subfield code="i">Trọng Hải</subfield>
  </datafield>
  <datafield tag="980" ind1=" " ind2=" ">
   <subfield code="a">Trung tâm Học liệu Trường Đại học Cần Thơ</subfield>
  </datafield>
 </record>
</collection>
